Chřibská zamyšlení
| Titel: | Chřibská zamyšlení / František Bezděk ; [fotografie] Petr Titz |
|---|---|
| Verfasser: | |
| Beteiligt: | |
| Veröffentlicht: | Ústí nad Labem : Albis international, 2005 |
| Umfang: | 155, [16] S. : Ill. ; 16 x 23 cm |
| Format: | Buch |
| Sprache: | Tschechisch |
| ISBN: | 8086067092 ; 9788086067094 ; 8086067068 |
alg: 43152316 001A $03004:18-05-18 001B $03004:08-01-19 $t16:54:23.000 001C $03004:18-05-18 $t12:46:00.000 001D $03004:08-01-19 001U $0utf8 001X $00 002@ $0Aau 003@ $0431523169 004A $080-86067-09-2 004A $A978-80-86067-09-4 004D $08086067068 006C $085163031 $aOCoLC 007A $0431523169 $aHEB 010@ $acze 011@ $a2005 $n2005 021A $aChřibská zamyšlení $hFrantišek Bezděk ; [fotografie] Petr Titz 028A $BVerfasser $4aut $7 $8Bezděk, František [Tnx] $9166695424 028C $BIllustrator $4ill $7 $8Titz, Petr [Tnu] $9440683904 033A $pÚstí nad Labem $nAlbis international 034D $a155, [16] S. 034I $a16 x 23 cm 034M $aIll. 037A $a40 výt 044K $RBöhmische Länder $RMähren-Schlesien $#Mähren $#Markgrafschaft Mähren $#Kronland Mähren $#Morava $#Markrabství Moravské $#Moravia $#Mehren $#מעהרין $#מדינת מעהרין $74074432-2 $8Mähren [Tg1] $9085209619 044K $RTierfang $RJagdkunde $RJäger $#Hunting $#Chasse $#Caccia $#Caza $#hunting $#Jagd $#Jagen $#Waidwerk $#Weidwerk $74027955-8 $8Jagd [Ts1] $9085071552 045F $a910.943720904 $eDDC23BSB 045F/01 $a910 045F/03 $f0904 045F/03 $f0905 045F/03 $g4372 lok: 43152316 24 exp: 43152316 24 1 #EPN 201B/01 $008-01-19 $t16:47:03.000 201C/01 $018-05-18 201U/01 $0utf8 203@/01 $01022050915 208@/01 $a08-01-19 $bz 209A/01 $a18.03631 $du $f050 $h18 03631 $x00 209C/01 $a18.03631 T $h18 03631 T 209G/01 $a73941318 $x00 220C/01 $akon 247C/01 $8358050-7Marburg, Bibliothek des Herder-Instituts Marburg $9102600961
| LEADER | 00000cam a2200000 c 4500 | ||
|---|---|---|---|
| 001 | 431523169 | ||
| 003 | DE-603 | ||
| 005 | 20190108165423.0 | ||
| 007 | tu | ||
| 008 | 180518s2005 xx |||| | u00||u|cze c | ||
| 020 | |a 8086067092 | ||
| 020 | |a 9788086067094 | ||
| 020 | |z 8086067068 | ||
| 035 | |a (DE-599)HEB431523169 | ||
| 040 | |a DE-603 |b ger |c DE-603 |d DE-603 | ||
| 041 | |a cze | ||
| 082 | 0 | 4 | |8 1\u |a 910.943720904 |q DE-101 |2 23/BSB |
| 085 | |8 1\u |b 910 | ||
| 085 | |8 1\u |z 1 |s 0904 | ||
| 085 | |8 1\u |z 1 |s 0905 | ||
| 085 | |8 1\u |z 2 |s 4372 | ||
| 100 | 1 | |a Bezděk, František |e Verfasser |4 aut |0 (DE-603)166695424 | |
| 245 | 0 | 0 | |a Chřibská zamyšlení |c František Bezděk ; [fotografie] Petr Titz |
| 264 | 1 | |a Ústí nad Labem |b Albis international |c 2005 | |
| 300 | |a 155, [16] S. |b Ill. |c 16 x 23 cm | ||
| 500 | |a 40 výt | ||
| 650 | 7 | |a Jagd |0 (DE-588)4027955-8 |0 (DE-603)085071552 |2 gnd | |
| 651 | 7 | |a Mähren |0 (DE-588)4074432-2 |0 (DE-603)085209619 |2 gnd | |
| 700 | 1 | |a Titz, Petr |e Illustrator |4 ill |0 (DE-603)440683904 | |
| 924 | 0 | |9 Mb 50 |a (DE-603)1022050915 |b DE-Mb50 |c HES |d c |g 18.03631 | |


